000 00669cam a22002055a 4500
008 160315s2016 xxk f 000 0 eng d
020 _a9781138802087
035 _a(Sirsi) u159191
041 _aeng
050 _a690.24
100 _aReddin, Patrick
245 _aInspecting and diagnosing disrepair
260 _aAbingdon
_bRoutledge
_c2016
300 _axv,128p ; 23cm.
520 _aA simple guide to housing disrepair, providing a step by step guide to recording and diagnosing disrepair. Appendix contains useful illustrative diagrams.
650 _aDISREPAIR
651 4 _aENGLAND AND WALES
690 _aBuilding materials and defects
942 _n0
999 _c115730
_d115730